| 000 | 00456nam a22001217a 4500 | ||
|---|---|---|---|
| 999 |
_c38568 _d38568 |
||
| 082 | _aRJ.0184 | ||
| 100 |
_aJana, Chandra Narayan _u Department of geography The University of Burdwan _vWest Bengal, India |
||
| 245 |
_aTribal Livelihood and Sustainable Development in Mayurbhanj, Orissa / _c Narayan Chandra Jana |
||
| 260 |
_aWest Bengal, India: _bIndian Council of Social Science Research, _c2015 |
||
| 300 | _aVi,136p. | ||
| 536 | _aICSSR | ||
| 942 |
_2ddc _cRP |
||